000
00214 a2200097 4500
001
48098
100
_a
Bashir
245
_a
Khalid-i-Warisat
260
_a
Rawalpindi
_b
Pak research centre
_c
090
_c
31073
_d
31073
942
_a
NUST-CAE
_c
M
_c
23418
999
_c
283171
_d
283171